00433nam a2200169Ia 450000500170000000800410001702000160005804000190007404100120009308200110010510000160011624500580013226000280019030000120021865000230023085000100025320230708102512.0131103s9999 xx 000 0 und d a033041819 X aLoreto College aEnglish aFbFOL aFollett,Ken aNight over water and a dangerous fortunecKen Follett aLondonbPan Booksc1991 a596 p.  aFiction in English aLCLIB